[Event "Schachbundesliga 2010-11"]
[Site "Aue GER"]
[Date "2011.04.09"]
[Round "14"]
[White "Naumann,Al"]
[Black "Heinz,J"]
[Result "1/2-1/2"]
[WhiteElo "2544"]
[BlackElo "2288"]

1.Nf3 d5 2.d4 c6 3.c4 Nf6 4.Nc3 e6 5.e3 Nbd7 6.Qc2 Be7 7.Bd3 dxc4 8.Bxc4 b5
9.Bd3 Bb7 10.e4 b4 11.Na4 Rc8 12.Be3 Qa5 13.Nd2 Ng4 14.Bf4 c5 15.Nc4 Qd8
16.Qe2 Ngf6 17.Nd6+ Bxd6 18.Bxd6 cxd4 19.e5 Nd5 20.Qg4 g6 21.h4 f5 22.Qxd4 Qa5
23.b3 Kf7 24.O-O Bc6 25.a3 bxa3 26.Bxa3 Rhd8 27.Bd6 Qd2 28.Rfd1 Qf4 29.Qxf4 Nxf4
30.Bf1 h6 31.Nb2 g5 32.hxg5 hxg5 33.Rxa7 Kg6 34.Nd3 Nxd3 35.Bxd3 Nb8 36.Bc4 Bd5
37.Bxd5 exd5 38.Bc7 Re8 39.Rxd5 f4 40.f3 Kf5 41.Rd6 Re6 42.Rxe6 Kxe6 43.Bd6 Rc1+
44.Kh2 Nd7 45.Ra8 Nxe5 46.Bxe5 Kxe5 47.b4 Rb1 48.Rb8 Kf6 49.b5 Kg7 50.b6 Kh7
51.Kh3 Rb2 52.Kg4 Rxg2+ 53.Kf5 Kg7 54.Rc8 Rb2 55.Rc7+ Kh6 56.b7 Rb5+ 57.Kf6 Rb6+
58.Kf5 Rb5+ 59.Kf6 Rb6+ 60.Ke5 Kh5 61.Rh7+ Kg6 62.Rd7 Kh5 63.Kd5 Kh4 64.Kc5 Rb1
65.Kc6 g4 66.fxg4 Kxg4 67.Rd8 f3 68.b8=Q Rxb8 69.Rxb8 f2 70.Rf8 Kg3 71.Rxf2 Kxf2  1/2-1/2

[Event "Schachbundesliga 2010-11"]
[Site "Baden-Baden GER"]
[Date "2011.04.09"]
[Round "14"]
[White "Ruck,R1"]
[Black "Luch,M"]
[Result "1-0"]
[WhiteElo "2555"]
[BlackElo "2385"]

1.c4 e6 2.Nf3 d5 3.d4 Nf6 4.Nc3 c6 5.e3 Nbd7 6.Qc2 Bd6 7.b3 O-O 8.Be2 b6
9.Bb2 Bb7 10.O-O Qe7 11.Rad1 Rfe8 12.Rfe1 dxc4 13.bxc4 e5 14.g3 Rad8 15.Bf1 Bb8
16.Bg2 exd4 17.exd4 Qb4 18.a3 Qa5 19.Nh4 g6 20.Nf3 Bd6 21.Qb3 Qf5 22.h3 Rxe1+
23.Nxe1 h5 24.Nf3 Re8 25.Nh4 Qe6 26.d5 cxd5 27.cxd5 Qe7 28.Nf3 Bc5 29.Rd2 Qd6
30.Kh2 a6 31.Ng5 h4 32.Nce4 Nxe4 33.Nxe4 Rxe4 34.Bxe4 f5 35.Qc3 Kf7 36.Bg2 hxg3+
37.fxg3 Ke8 38.Qh8+ Nf8 39.Re2+  1-0

[Event "Schachbundesliga 2010-11"]
[Site "Baden-Baden GER"]
[Date "2011.04.09"]
[Round "14"]
[White "Eljanov,P"]
[Black "Shirov,A"]
[Result "1/2-1/2"]
[WhiteElo "2761"]
[BlackElo "2749"]

1.d4 d5 2.c4 c6 3.Nc3 Nf6 4.e3 e6 5.Nf3 Nbd7 6.Qc2 Bd6 7.Bd3 O-O 8.O-O e5
9.cxd5 cxd5 10.e4 dxe4 11.Nxe4 Nxe4 12.Bxe4 h6 13.Be3 exd4 14.Bxd4 Nf6 15.Bf5 Qa5
16.Bxc8 Rfxc8 17.Qb3 Qd5 18.Qxd5 Nxd5 19.Rfd1 Bf8 20.Kf1 Nb4 21.Bc3 Rd8  1/2-1/2

[Event "TCh-HUN 2010-11"]
[Site "Budapest HUN"]
[Date "2011.04.10"]
[Round "8"]
[White "Istvanovszki,M"]
[Black "Zakarias,D"]
[Result "1-0"]
[WhiteElo "2282"]
[BlackElo "2231"]

1.d4 d5 2.c4 e6 3.Nc3 c6 4.e3 Nf6 5.Nf3 Nbd7 6.Qc2 Bd6 7.b3 e5 8.cxd5 Nxd5
9.Nxd5 cxd5 10.dxe5 Nxe5 11.Be2 O-O 12.Bb2 Bb4+ 13.Kf1 Ng4 14.h3 Nf6 15.Ng5 g6
16.Qd3 Be7 17.Qd4 h6 18.Nf3 Be6 19.Bd3 Qd6 20.Ke2 Rfc8 21.g4 Qc5 22.Qf4 Ne4
23.Bd4 Qa3 24.Qxh6 Bf6 25.Bxf6 Nxf6 26.Nd4 Ne4 27.Kf3 Qb2 28.Bxe4 dxe4+ 29.Kg3 Bd5
30.h4 Qa3 31.h5 Qd6+ 32.Kg2 Qf6 33.hxg6 fxg6 34.Qh7+ Kf8 35.Rac1 Rxc1 36.Rxc1 Bf7
37.Rc7 b6 38.Kf1 a5 39.g5 Qg7 40.Ne6+  1-0

[Event "10th Weiz City Open"]
[Site "Weiz AUT"]
[Date "2011.04.10"]
[Round "5"]
[White "Hafner,R"]
[Black "Klinkan,E"]
[Result "0-1"]
[WhiteElo "2110"]
[BlackElo "1983"]

1.d4 d5 2.c4 e6 3.Nc3 c6 4.e3 Nf6 5.Nf3 Nbd7 6.Bd3 dxc4 7.Bxc4 Be7 8.O-O Qc7
9.b3 O-O 10.Bb2 Rd8 11.Qe2 Nb6 12.Bd3 Nbd5 13.a3 a5 14.Rfc1 Nxc3 15.Bxc3 Nd5
16.Bb2 Qb6 17.Qc2 h6 18.g3 Bd7 19.Nd2 Rac8 20.Ne4 Be8 21.Nc5 Qc7 22.e4 Nf6
23.e5 Nd5 24.Be4 Bg5 25.f4 Be7 26.Kf2 b6 27.Nd3 Qa7 28.b4 axb4 29.axb4 Qb8
30.Ba3 f5 31.exf6 Nxf6 32.Ne5 Rxd4 33.Bg6 Ng4+ 34.Nxg4 Rxf4+ 35.Kg2 Rxg4
36.Bxe8 Rxe8 37.Qxc6 Bf6 38.Kh3 Rg5 39.Rab1 e5 40.b5 e4 41.Bd6 Qd8 42.Re1 Qc8+
43.Qxc8 Rxc8 44.Rxe4 Rh5+ 45.Kg4 Rxh2 46.Rf1 Rb2 47.Rf5 Rb3 48.Ra4 Rd8 49.Be5 Bxe5
50.Rxe5 Rdd3 51.Ra8+ Kh7 52.Rb8 Rxg3+ 53.Kf4 Rbf3+ 54.Ke4 Re3+ 55.Kd4 Rxe5
56.Kxe5 Rg5+  0-1

[Event "13th Dubai Open"]
[Site "Dubai UAE"]
[Date "2011.04.11"]
[Round "2.2"]
[White "Akopian,Vl"]
[Black "Shyam,SM"]
[Result "1/2-1/2"]
[WhiteElo "2675"]
[BlackElo "2457"]

1.d4 d5 2.c4 c6 3.Nc3 Nf6 4.e3 e6 5.Nf3 Nbd7 6.Qc2 Bd6 7.Bd3 O-O 8.O-O dxc4
9.Bxc4 b5 10.Bd3 Bb7 11.a3 a5 12.e4 e5 13.dxe5 Nxe5 14.Nxe5 Bxe5 15.h3 Re8
16.Be3 Qc7 17.Rfd1 Rad8 18.Ne2 Bd6 19.Nd4 Bh2+ 20.Kh1 Bf4 21.Bxf4 Qxf4 22.Nb3 a4
23.Nc5 Bc8 24.Kg1 h5 25.Qc1 Qe5 26.f4 Qc7 27.e5 Nd5 28.Be4 Qb6 29.Bxd5 cxd5
30.Qc3 Be6 31.Qd4 Rc8 32.Rac1 Rc6 33.Rc3 Rb8 34.Rdc1 b4 35.axb4 Qxb4 36.Nxe6 Rxe6
37.Rc8+ Kh7 38.Qd3+ g6 39.R8c7 Rb7 40.Qxd5 Rxc7 41.Rxc7 Qb6+ 42.Qc5 Qxc5+
43.Rxc5 Rb6 44.Rc4 Rxb2 45.Rxa4 Kg7 46.h4 Re2 47.Kf1 Rb2 48.Rd4 Ra2 49.g3 Rb2
50.Ke1 Rg2 51.Rd3 Kf8 52.f5 gxf5 53.Kf1 Rb2 54.Rf3 Kg7 55.Rxf5 Kg6 56.Rf6+ Kg7
57.Ke1 Rg2 58.Rf3 Kg6 59.Kf1 Rb2 60.Rf6+ Kg7 61.Rf2 Rxf2+ 62.Kxf2 Kg6 63.Ke3 Kf5
64.Kd4 Kg4 65.Ke4 Kxg3 66.Kf5 Kxh4 67.Kf6 Kg3  1/2-1/2

[Event "13th Dubai Open"]
[Site "Dubai UAE"]
[Date "2011.04.11"]
[Round "2"]
[White "Akopian,Vl"]
[Black "Shyam,SM"]
[Result "1/2-1/2"]
[WhiteElo "2675"]
[BlackElo "2457"]

1.d4 d5 2.c4 c6 3.Nc3 Nf6 4.e3 e6 5.Nf3 Nbd7 6.Qc2 Bd6 7.Bd3 O-O 8.O-O dxc4
9.Bxc4 b5 10.Bd3 Bb7 11.a3 a5 12.e4 e5 13.dxe5 Nxe5 14.Nxe5 Bxe5 15.h3 Re8
16.Be3 Qc7 17.Rfd1 Rad8 18.Ne2 Bd6 19.Nd4 Bh2+ 20.Kh1 Bf4 21.Bxf4 Qxf4 22.Nb3 a4
23.Nc5 Bc8 24.Kg1 h5  1/2-1/2

[Event "Zagreb Open B"]
[Site "Zagreb CRO"]
[Date "2011.04.11"]
[Round "1.2"]
[White "Medic,Mir"]
[Black "Gujic,L"]
[Result "1-0"]
[WhiteElo "2271"]
[BlackElo "2003"]

1.d4 d5 2.c4 c6 3.e3 Nf6 4.Nc3 e6 5.Nf3 Nbd7 6.Bd3 Bb4 7.Qc2 dxc4 8.Bxc4 Nb6
9.Bd3 Nbd5 10.e4 Nxc3 11.bxc3 Ba5 12.O-O h6 13.Ba3 Bc7 14.e5 Nd5 15.c4 Ne7
16.Be4 Bd7 17.Rfd1 Qc8 18.Rac1 Qb8 19.d5 Bd8 20.d6 Nf5 21.c5 O-O 22.Rd3 g5
23.Nd4 Nxd4 24.Rxd4 Kg7 25.Qe2 f5 26.exf6+ Bxf6 27.Rd2 Qe8 28.Bb2 b5 29.Bxf6+ Rxf6
30.g3 Qf7 31.Rc3 a5 32.Rb2 Rf8 33.Re3 a4 34.Qd2 Qh5 35.Qd4 g4 36.Bd3 Qg5
37.Re5 Qc1+ 38.Kg2 Qd1 39.Rbe2 Qc1 40.Qxg4+ Kh8 41.Qe4 Rf5 42.Qd4 Kg8 43.Bxf5  1-0

[Event "13th Dubai Open"]
[Site "Dubai UAE"]
[Date "2011.04.12"]
[Round "3"]
[White "Arutinian,D"]
[Black "Abdulov,Or"]
[Result "1/2-1/2"]
[WhiteElo "2575"]
[BlackElo "2327"]

1.d4 d5 2.c4 c6 3.Nc3 Nf6 4.e3 e6 5.Nf3 Nbd7 6.Bd3 dxc4 7.Bxc4 b5 8.Bd3 a6
9.a4 b4 10.Ne4 c5 11.Nxf6+ Nxf6 12.dxc5 Bxc5 13.Qe2 Qe7 14.e4 e5 15.Bg5 h6
16.Bh4 Bd6 17.Nd2 O-O 18.O-O a5 19.Rac1 Bd7 20.Bb5 Bxb5 21.Qxb5 g5 22.Bg3 Rfc8
23.Rfd1 Bc5 24.Qe2 Qe6 25.h4 g4 26.Nc4 Bd4 27.b3 Rc6 28.Kh2 Nh5 29.Rd3 Rac8
30.Rd2 Kh7 31.Rcc2 Rc5 32.Qd1 Nf6 33.Qe2 Qc6 34.Nxa5 Qxe4 35.Nc4 Qxe2 36.Rxe2 Nd7
37.Rcd2 Rxc4 38.bxc4  1/2-1/2

[Event "11th European Senior"]
[Site "Courmayeur ITA"]
[Date "2011.04.13"]
[Round "8.38"]
[White "Benito Alba,E"]
[Black "Belokopyt,B"]
[Result "0-1"]
[WhiteElo "1775"]
[BlackElo "2066"]

1.d4 d5 2.c4 c6 3.Nf3 Nf6 4.e3 e6 5.Nc3 Be7 6.Bd3 dxc4 7.Bxc4 O-O 8.O-O b5
9.Bd3 a6 10.Qc2 h6 11.e4 c5 12.e5 Nfd7 13.dxc5 Nxc5 14.Be4 Ra7 15.Be3 Rc7
16.Rfd1 Nbd7 17.Bxc5 Rxc5 18.b4 Rc4 19.a3 Qc7 20.Rac1 Nxe5 21.Nxe5 Qxe5 22.Bf3 Bf6
23.Rd3 Qf4 24.Qd1 e5 25.Bd5 Rd4 26.Rxd4 exd4 27.Ne2 Qd6 28.Bf3 d3  0-1

[Event "Zagreb Open B"]
[Site "Zagreb CRO"]
[Date "2011.04.13"]
[Round "3.1"]
[White "Medic,Mir"]
[Black "Blazeka,M"]
[Result "1/2-1/2"]
[WhiteElo "2271"]
[BlackElo "2163"]

1.d4 d5 2.c4 c6 3.e3 e6 4.Nc3 Nf6 5.Nf3 Nbd7 6.Bd3 dxc4 7.Bxc4 b5 8.Be2 Bb7
9.O-O a6 10.a3 c5 11.dxc5 Bxc5 12.b4 Be7 13.Bb2 O-O 14.Qb3 Qb6 15.Rfd1 Rfd8
16.Rd2 Nd5 17.Nxd5 Bxd5 18.Qd1 Qb7 19.Rc1  1/2-1/2

[Event "11th European Senior"]
[Site "Courmayeur ITA"]
[Date "2011.04.14"]
[Round "9.23"]
[White "Hohler,P"]
[Black "Quagliarella,S"]
[Result "1-0"]
[WhiteElo "2144"]
[BlackElo "1889"]

1.d4 Nf6 2.c4 e6 3.Nf3 d5 4.Nc3 c6 5.e3 Nbd7 6.Bd3 dxc4 7.Bxc4 Be7 8.O-O O-O
9.e4 Re8 10.e5 Nd5 11.Ne4 h6 12.Qe2 Nf8 13.Rd1 a5 14.Bd3 b6 15.Ng3 Bg5 16.Nxg5 hxg5
17.Ne4 Nf4 18.Bxf4 gxf4 19.Nd6 Re7 20.Qg4 Ba6 21.Be4 Rc7 22.Qxf4 Raa7 23.Rac1 c5
24.dxc5 Rxc5 25.Rxc5 bxc5 26.Bc2 Qe7 27.Qg3 Rc7 28.Re1 Bb7 29.Qf4 Bd5 30.Re3 f6
31.exf6 Qxf6 32.Qxf6 gxf6 33.Ra3 Rd7 34.Rg3+ Kh8 35.Ne8 f5 36.Nf6 Rg7 37.Rxg7 Kxg7
38.Nxd5 exd5 39.Bxf5 Kf6 40.g4 c4 41.f4 d4 42.a4 c3 43.bxc3 dxc3 44.Kf2 Ne6
45.Ke3 Nc5 46.Bc2 Ke7 47.g5 Kd6 48.h4 Nd7 49.h5 Nf8 50.h6  1-0

[Event "13th Dubai Open"]
[Site "Dubai UAE"]
[Date "2011.04.14"]
[Round "5"]
[White "Hammer,J"]
[Black "Iskusnyh,S"]
[Result "1-0"]
[WhiteElo "2606"]
[BlackElo "2481"]

1.d4 d5 2.c4 c6 3.Nf3 Nf6 4.Nc3 e6 5.e3 a6 6.Qc2 c5 7.cxd5 exd5 8.Be2 cxd4
9.Nxd4 Bd6 10.O-O O-O 11.b3 Nc6 12.Nxc6 bxc6 13.Bb2 Qc7 14.h3 Re8 15.Rac1 Bb7
16.Bf3 Qe7 17.Ne2 c5 18.Rfd1 Red8 19.Bxf6 Qxf6 20.Nc3 Qe5 21.Bxd5 Bxd5 22.Nxd5 Qh2+
23.Kf1 Qh1+ 24.Ke2 Qxg2 25.Nf6+ Kf8 26.Nxh7+ Ke8 27.Rg1 Qxh3 28.Qe4+ Qe6
29.Qxe6+ fxe6 30.Rxg7 Be7 31.Rh1 a5 32.Ng5 a4 33.Nxe6 axb3 34.Nxd8 bxa2 35.Rh8+ Kd7
36.Rxe7+  1-0

[Event "TCh-RUS Premier"]
[Site "Olginka RUS"]
[Date "2011.04.14"]
[Round "3"]
[White "Smirnov,P"]
[Black "Potkin,V"]
[Result "1/2-1/2"]
[WhiteElo "2539"]
[BlackElo "2653"]

1.d4 d5 2.c4 c6 3.Nc3 Nf6 4.e3 e6 5.Nf3 Nbd7 6.Bd3 dxc4 7.Bxc4 b5 8.Bd3 Bd6
9.O-O O-O 10.Qc2 Bb7 11.a3 a5 12.e4 e5 13.dxe5 Nxe5 14.Nxe5 Bxe5 15.h3 Ba6
16.Rb1 b4 17.Bxa6 Rxa6 18.Na4 c5 19.Be3 Rc6 20.axb4 axb4 21.Qc4 Qc7 22.Rbc1 Rc8
23.f4  1/2-1/2

[Event "13th Dubai Open"]
[Site "Dubai UAE"]
[Date "2011.04.16"]
[Round "6"]
[White "Malakhatko,V"]
[Black "Mirzoeva,E"]
[Result "1-0"]
[WhiteElo "2546"]
[BlackElo "2272"]

1.c4 c6 2.Nf3 Nf6 3.Nc3 d5 4.e3 e6 5.d4 Nbd7 6.Bd3 dxc4 7.Bxc4 b5 8.Bd3 Bd6
9.O-O O-O 10.Qc2 Bb7 11.a3 a6 12.b4 a5 13.Rb1 axb4 14.axb4 Qe7 15.e4 e5 16.Ne2 Bxb4
17.Ng3 g6 18.dxe5 Ng4 19.Bg5 Qc5 20.e6 Nde5 21.Nxe5 Nxe5 22.Be3 Qe7 23.exf7+ Rxf7
24.Be2 Ra3 25.Bd4 c5 26.Bxe5 Qxe5 27.Bxb5 Kg7 28.Rbd1 Bc3 29.Rd3 h5 30.Bc4 h4
31.Bxf7 hxg3 32.Bxg6 gxh2+ 33.Kh1 Kxg6 34.Rg3+ Kf7 35.Rc1 Bxe4 36.Qd1 Bb4
37.Qd7+ Kf8 38.Qd8+ Kf7 39.Qg8+ Kf6 40.Rg7 Qe6 41.Qf8+ Ke5 42.Re7 Ra8 43.Qg7+ Kd6
44.Rxe6+ Kxe6 45.Qg4+ Bf5 46.Qe2+ Kf6 47.g4 Be6 48.Qf3+ Ke5 49.Qxa8 Bd5+
50.Qxd5+ Kxd5 51.Kxh2 c4 52.Kg3 Bd2 53.Rd1 c3 54.Kf3 Kc4 55.Rxd2 cxd2 56.Ke2 Kc3
57.Kd1 Kd3 58.g5  1-0

[Event "ch-BLR Junior"]
[Site "Minsk BLR"]
[Date "2011.04.16"]
[Round "2"]
[White "Pogosian,M"]
[Black "Ziaziulkina,N"]
[Result "1/2-1/2"]
[WhiteElo "2370"]
[BlackElo "2289"]

1.d4 d5 2.c4 c6 3.Nc3 Nf6 4.Nf3 e6 5.e3 Nbd7 6.Bd3 dxc4 7.Bxc4 b5 8.Bd3 Bd6
9.O-O O-O 10.Nd2 Bb7 11.Nce4 Nxe4 12.Nxe4 Be7 13.Qc2 h6 14.Bd2 c5 15.Bxb5 cxd4
16.exd4 Rc8 17.Bc3 Nf6 18.Bd3 Nd5 19.Qd2 f5 20.Ng3 Bg5 21.f4 Nxf4 22.Rxf4 e5
23.Nxf5 exf4 24.Qe2 Qd5 25.Qg4 Rc7 26.Re1 f3 27.Re5 f2+ 28.Kxf2 Qxa2 29.Rc5 Rxc5
30.dxc5 Qe6 31.Kg1 Bd5 32.h4 Rxf5 33.Qxf5 Be3+ 34.Kf1 Qxf5+ 35.Bxf5 Bxc5
36.Bd3  1/2-1/2

[Event "ch-USA GpB"]
[Site "Saint Louis USA"]
[Date "2011.04.16"]
[Round "2"]
[White "Kaidanov,G"]
[Black "Shankland,S"]
[Result "0-1"]
[WhiteElo "2569"]
[BlackElo "2512"]

1.d4 d5 2.c4 c6 3.Nc3 Nf6 4.e3 e6 5.Nf3 Nbd7 6.Qc2 b6 7.Bd3 Bb7 8.O-O Be7
9.b3 O-O 10.Ne5 h6 11.f4 c5 12.Bb2 cxd4 13.exd4 dxc4 14.Bxc4 Nxe5 15.fxe5 Qxd4+
16.Kh1 Qh4 17.Bc1 Ng4 18.Bf4 Bc5  0-1

[Event "Zagreb Open B"]
[Site "Zagreb CRO"]
[Date "2011.04.16"]
[Round "7.5"]
[White "Curic,D"]
[Black "Jelecevic,I"]
[Result "1/2-1/2"]
[WhiteElo "2264"]
[BlackElo "2183"]

1.d4 d5 2.c4 c6 3.e3 Nf6 4.Nc3 e6 5.Nf3 Nbd7 6.Be2 Bd6 7.Qc2 dxc4 8.Bxc4 e5
9.O-O O-O 10.Rd1 Qc7 11.Bd2 h6 12.Rac1 exd4 13.exd4 Nb6 14.Bb3 Bg4 15.Nb5 Qd8
16.Nxd6 Qxd6 17.Qd3 Nbd5 18.Re1 Bxf3 19.Qxf3  1/2-1/2

[Event "34th Open"]
[Site "Donostia ESP"]
[Date "2011.04.17"]
[Round "2"]
[White "Moreno Ruiz,J"]
[Black "Santos Latasa,J"]
[Result "1-0"]
[WhiteElo "2527"]
[BlackElo "2227"]

1.d4 Nf6 2.c4 c6 3.Nc3 d5 4.e3 e6 5.Nf3 Nbd7 6.Bd3 dxc4 7.Bxc4 b5 8.Be2 Bb7
9.O-O Be7 10.e4 b4 11.e5 bxc3 12.exf6 Bxf6 13.bxc3 c5 14.dxc5 O-O 15.Rb1 Bd5
16.c4 Be4 17.Bd3 Bxd3 18.Qxd3 Nxc5 19.Qc2 Qc7 20.Ng5 Bxg5 21.Bxg5 h6 22.Be3 Rfc8
23.Rfc1 a6 24.Qc3 Qc6 25.Qa5 Nd7 26.h3 Rab8 27.Rb3 Kh7 28.Ra3 Nc5 29.Qc3 Nd7
30.Ra5 Kg8 31.Qa3 Ra8 32.c5 Nf6 33.Bd4 Nd5 34.Be5 Rd8 35.Rb1 Rac8 36.Bd6 Nc7
37.Qg3 Nd5 38.Ra3 Rd7 39.Rab3 a5 40.Qe5 Nf6 41.Rg3 Qe4 42.Rb5 Qxe5 43.Bxe5 Nh5
44.Rf3 Rd5 45.Bd6 Nf6 46.Rb7 Rd2 47.a3 Rc2 48.g4 Rc4 49.Ra7 a4 50.Kg2 Rd8
51.Rf4 Rxf4 52.Bxf4 Rd4 53.c6 Nd5 54.c7 Nxf4+ 55.Kh2 Rc4 56.Ra8+ Kh7 57.c8=Q Rxc8
58.Rxc8 Nd3 59.Rc4 Nxf2 60.Rxa4 g5 61.Rd4 f5 62.Kg2 Ne4 63.Rxe4 fxe4 64.a4  1-0

[Event "Norsk Open A"]
[Site "Fagernes NOR"]
[Date "2011.04.17"]
[Round "3"]
[White "Christiansen,Johan-Sebastian"]
[Black "Haugsrud,H"]
[Result "1/2-1/2"]
[WhiteElo "1924"]
[BlackElo "2050"]

1.c4 c6 2.d4 d5 3.Nc3 Nf6 4.Nf3 e6 5.e3 Be7 6.Bd3 Nbd7 7.O-O O-O 8.Qc2 Re8
9.Ne5 dxc4 10.Nxc4 c5 11.dxc5 Nxc5 12.Be2 Bd7 13.Rd1 Qc7 14.e4 Bc6 15.f3 b5
16.Ne3 a6 17.b4 Ncd7 18.a3 Rac8 19.Qb3 Bb7 20.Bd2 Red8 21.Rac1 Qb6 22.Kh1 Ne5
23.Nc2 Nd3 24.Bxd3 Rxd3 25.Be1 Rcd8 26.Qb2 Qd6 27.Bg3 Qb6 28.Be1 Nh5 29.Nd5 Bf6
30.Nxf6+ Nxf6 31.Rxd3 Rxd3 32.Bc3  1/2-1/2

[Event "Norsk Open A"]
[Site "Fagernes NOR"]
[Date "2011.04.17"]
[Round "4"]
[White "Johansen,St"]
[Black "Haarr,J"]
[Result "1/2-1/2"]
[WhiteElo "1938"]
[BlackElo "2204"]

1.d4 d5 2.c4 c6 3.Nf3 Nf6 4.Nc3 e6 5.e3 Nbd7 6.Bd3 dxc4 7.Bxc4 b5 8.Bd3 Bb7
9.O-O a6 10.h3 c5 11.Qe2 Be7 12.Rd1 Qc7 13.e4 cxd4 14.Nxd4 O-O 15.Bg5 Rac8
16.Rac1 Qb8 17.a3 Rfd8 18.Nb3 Nf8 19.e5 Nd5 20.Bxe7 Nxe7 21.f4 Nfg6 22.Qf2 Nd5
23.Nxd5 Bxd5 24.Nc5 Qa8 25.b4 Ne7 26.Qh4 Ng6 27.Qf2 Qa7 28.Bxg6 hxg6 29.Rd2 a5
30.Rcd1 axb4 31.axb4 Ra8 32.Qd4 Qa3 33.Kf2 Kh7 34.Ne4 Bxe4 35.Qxe4 Rxd2+
36.Rxd2 Qa7+ 37.Qd4 Qxd4+ 38.Rxd4 Ra2+ 39.Kf3 Rb2 40.g4 Rb3+ 41.Kg2 g5 42.fxg5 Kg6
43.h4 Re3 44.Rf4 Rxe5 45.Kf3 Re1 46.Re4 Rf1+ 47.Kg3 Rb1 48.Kf3 Rf1+  1/2-1/2

[Event "Norsk Open A"]
[Site "Fagernes NOR"]
[Date "2011.04.17"]
[Round "7"]
[White "Thingstad,A"]
[Black "Ofstad,P"]
[Result "0-1"]
[WhiteElo "2014"]
[BlackElo "2194"]

1.d4 d5 2.c4 c6 3.Nf3 Nf6 4.Nc3 e6 5.e3 Nbd7 6.Qc2 Bd6 7.b3 O-O 8.Be2 b6
9.O-O Bb7 10.Bb2 Rc8 11.Rad1 Qe7 12.e4 dxe4 13.Nxe4 Nxe4 14.Qxe4 Nf6 15.Qh4 h6
16.Ne5 Nh7 17.Qxe7 Bxe7 18.f4 Rfd8 19.Bf3 Nf8 20.Be4 Rc7 21.Rf3 Bd6 22.Kf1 f6
23.Rfd3 Rdc8 24.c5 Bxe5 25.dxe5 f5 26.Bf3 Ba6 27.cxb6 axb6 28.Ba3 c5 29.Kf2 Bxd3
30.Rxd3 Ra7 31.Bc1 Rxa2+ 32.Kg3 b5 33.Rc3 c4 34.Be3 Ra3 35.Bd1  0-1

[Event "TCh-HUN 2010-11"]
[Site "Nagykanizsa HUN"]
[Date "2011.04.17"]
[Round "9"]
[White "Zsinka,L"]
[Black "Berczes,D"]
[Result "0-1"]
[WhiteElo "2285"]
[BlackElo "2520"]

1.d4 d5 2.c4 c6 3.Nc3 Nf6 4.e3 e6 5.Nf3 Nbd7 6.Bd3 dxc4 7.Bxc4 b5 8.Be2 Bb7
9.O-O Be7 10.Qc2 O-O 11.e4 b4 12.e5 bxc3 13.exf6 Bxf6 14.bxc3 c5 15.Rb1 Qc8
16.Ba3 Rd8 17.dxc5 Rb8 18.Rfd1 Nxc5 19.Rxd8+ Bxd8 20.Bxc5 Qxc5 21.Ba6 Bb6
22.Rb5 Qc6 23.Rh5 g6 24.Bxb7 Rxb7 25.Rh4 Bd8 26.Ra4 Qxa4  0-1

[Event "34th Open"]
[Site "Donostia ESP"]
[Date "2011.04.18"]
[Round "3"]
[White "Richet,Clement"]
[Black "Zysko,J"]
[Result "0-1"]
[WhiteElo "1901"]
[BlackElo "2168"]

1.d4 d5 2.c4 e6 3.Nf3 c6 4.e3 Nf6 5.Nc3 Nbd7 6.Bd3 dxc4 7.Bxc4 b5 8.Bd3 Bb7
9.O-O a6 10.e4 b4 11.e5 bxc3 12.exf6 cxb2 13.fxg7 bxa1=Q 14.gxh8=Q Qxa2 15.Bg5 Qc7
16.Qxh7 c5 17.Ne5 Nxe5 18.dxe5 Qd5 19.f3 Qcxe5 20.Bh4 Qg7 21.Qxg7 Bxg7 22.Qb1 Qd4+
23.Kh1 Bd5 24.Be4 Kf8 25.Qb6 Kg8 26.Bf2 Qc4 27.Rd1 Qe2  0-1

[Event "Norsk Open A"]
[Site "Fagernes NOR"]
[Date "2011.04.18"]
[Round "2"]
[White "Mirzoev,A"]
[Black "Stenersen,G"]
[Result "0-1"]
[WhiteElo "2571"]
[BlackElo "2228"]

1.d4 d5 2.c4 c6 3.Nc3 Nf6 4.Nf3 e6 5.e3 Nbd7 6.b3 Bd6 7.Bb2 Ne4 8.Nxe4 dxe4
9.Nd2 f5 10.Qh5+ g6 11.Qh6 Bf8 12.Qf4 Bg7 13.O-O-O Qf6 14.f3 exf3 15.Nxf3 O-O
16.h4 Re8 17.Bd3 Qe7 18.e4 e5 19.Qh2 fxe4 20.Bxe4 Nf6 21.Bc2 Ng4 22.Qg1 e4
23.Re1 Bf5 24.Re2 exf3 25.Rxe7 Bh6+ 26.Kb1 f2 27.Qd1 Rxe7 28.Bxf5 gxf5 29.Bc3 Rae8
30.Qd3 Re1+ 31.Bxe1 Rxe1+ 32.Kb2 Rxh1 33.Qxf5 f1=Q 34.Qxg4+ Bg7 35.Qe6+ Kh8
36.Qc8+ Qf8  0-1

[Event "34th Open"]
[Site "Donostia ESP"]
[Date "2011.04.19"]
[Round "4"]
[White "Alonso Arburu,Ju"]
[Black "Elsness,F"]
[Result "1/2-1/2"]
[WhiteElo "2367"]
[BlackElo "2484"]

1.Nf3 Nf6 2.c4 e6 3.d4 d5 4.e3 c6 5.Nc3 Nbd7 6.Qc2 b6 7.cxd5 exd5 8.Bd3 Bb7
9.O-O Be7 10.Bd2 O-O 11.Ne5 c5 12.f4 a6 13.Rf3 b5 14.a3 b4 15.axb4 cxb4 16.Nxd7 Qxd7
17.Na4 Qd8 18.Nc5 Bxc5 19.Qxc5 a5 20.Be1 Ba6 21.Bxa6 Rxa6 22.Bxb4 Re8 23.Rxa5 Rae6
24.h3 Rxe3 25.Rxe3 Rxe3 26.Qc6 Re8 27.Ra7 Qb8 28.Qb7 Qxb7 29.Rxb7 h5 30.Be7 Ne4
31.Rd7 f6 32.b4 Ra8 33.Rd8+ Rxd8 34.Bxd8 Nc3 35.Kf2 f5 36.Bb6 Kf7 37.Bc5 Kf6
38.Kg3 Ne2+ 39.Kf3 Nc3 40.Bd6 g6 41.Be5+ Ke6 42.Ke3  1/2-1/2

[Event "ch-DEN"]
[Site "Odense DEN"]
[Date "2011.04.19"]
[Round "4"]
[White "Antonsen,M"]
[Black "Pedersen,Stef"]
[Result "1/2-1/2"]
[WhiteElo "2449"]
[BlackElo "2417"]

1.d4 d5 2.c4 c6 3.Nc3 Nf6 4.e3 e6 5.Nf3 Nbd7 6.Qc2 Bd6 7.Bd3 O-O 8.O-O dxc4
9.Bxc4 b5 10.Bd3 Bb7 11.Ng5 h6 12.Nge4 Be7 13.a3 c5 14.dxc5 Nxc5 15.Nxc5 Bxc5
16.Bxb5 Ng4 17.h3 Bxg2 18.Kxg2 Qg5 19.Kh1 Qh4 20.Kg2 Qg5 21.Kh1 Qh4 22.Kg2  1/2-1/2

[Event "TCh-RUS Premier"]
[Site "Olginka RUS"]
[Date "2011.04.19"]
[Round "7"]
[White "Malaniuk,V"]
[Black "Zontakh,A"]
[Result "1/2-1/2"]
[WhiteElo "2494"]
[BlackElo "2568"]

1.d4 Nf6 2.Nf3 e6 3.c4 d5 4.Nc3 c6 5.e3 Nbd7 6.b3 Bb4 7.Bd2 O-O 8.Bd3 Qe7
9.O-O e5 10.dxe5 Nxe5 11.Nxe5 Qxe5 12.Nxd5 Nxd5 13.cxd5 Bxd2 14.Qxd2 Qxd5  1/2-1/2

[Event "XXV Catalunya Open"]
[Site "Barcelona ESP"]
[Date "2011.04.20"]
[Round "5"]
[White "Vidarte Morales,A"]
[Black "Ramirez Garcia,J"]
[Result "1/2-1/2"]
[WhiteElo "2391"]
[BlackElo "2264"]

1.c4 e6 2.Nf3 d5 3.d4 Nf6 4.Nc3 c6 5.e3 Nbd7 6.Bd3 dxc4 7.Bxc4 b5 8.Bd3 b4
9.Na4 c5 10.e4 Bb7 11.e5 Nd5 12.O-O cxd4 13.Re1 g6 14.a3 bxa3 15.Nxd4 axb2
16.Nxb2 Bb4 17.Nb5 O-O 18.Bd2 Nc5 19.Bc4 Bxd2 20.Qxd2 Nb6 21.Nd6 Nxc4 22.Nbxc4 Bd5
23.Qe3 Nd7 24.Rad1  1/2-1/2

[Event "34th Open"]
[Site "Donostia ESP"]
[Date "2011.04.21"]
[Round "6"]
[White "Ibar,M"]
[Black "Collins,S IRL"]
[Result "0-1"]
[WhiteElo "2217"]
[BlackElo "2426"]

1.d4 d5 2.c4 e6 3.Nc3 Nf6 4.Nf3 c6 5.e3 Nbd7 6.Qc2 Bd6 7.Be2 O-O 8.O-O dxc4
9.Bxc4 b5 10.Be2 Bb7 11.e4 e5 12.dxe5 Nxe5 13.Nxe5 Bxe5 14.Be3 Re8 15.f3 Qd6
16.h3 Nh5 17.Bf2 Qg6 18.g4 Nf4 19.h4 h5 20.Nd1 hxg4 21.fxg4 c5 22.Bf3 f5
23.Ne3 fxg4 24.Bg2 g3 25.Be1 Bd4 26.Kh1 Nxg2 27.Nxg2 Rxe4 28.Qb3+ c4 29.Qxg3 Rxh4+  0-1

[Event "Oberhausen Easter Open"]
[Site "Oberhausen GER"]
[Date "2011.04.21"]
[Round "1.1"]
[White "Fridman,D"]
[Black "Reinhardt,K"]
[Result "1-0"]
[WhiteElo "2661"]
[BlackElo "1861"]

1.d4 d5 2.Nf3 Nf6 3.c4 e6 4.Nc3 c6 5.e3 Nbd7 6.Qc2 Be7 7.Bd3 O-O 8.O-O dxc4
9.Bxc4 Qc7 10.Bd2 b5 11.Bd3 a6 12.e4 h6 13.e5 Nd5 14.Nxd5 exd5 15.Rac1 Bb7
16.Rfe1 Nb6 17.Ba5 Bd8 18.e6 Qe7 19.exf7+ Qxf7 20.Ne5  1-0

[Event "ch-DEN"]
[Site "Odense DEN"]
[Date "2011.04.21"]
[Round "6"]
[White "Antonsen,M"]
[Black "Rasmussen,A"]
[Result "1-0"]
[WhiteElo "2449"]
[BlackElo "2538"]

1.d4 d5 2.c4 c6 3.Nc3 Nf6 4.e3 e6 5.Nf3 Nbd7 6.Qc2 Bd6 7.Bd3 O-O 8.O-O dxc4
9.Bxc4 b5 10.Bd3 Bb7 11.a3 a5 12.h3 b4 13.Na4 c5 14.dxc5 Rc8 15.axb4 axb4
16.e4 Bxc5 17.Qe2 Nh5 18.Be3 Bxe3 19.Qxe3 Qc7 20.Bb5 Ne5 21.Nd2 Rfd8 22.Nb3 Nf6
23.Nac5 Bc6 24.Be2 Ned7 25.f3 Nxc5 26.Qxc5 Qg3 27.Ba6 Bb7 28.Qf2 Qxf2+ 29.Rxf2 Bxa6
30.Rxa6 Rd1+ 31.Rf1 Rxf1+ 32.Kxf1 h6 33.Rd6 Nh5 34.Rd2 g5 35.Kf2 Kg7 36.Nd4 Nf4
37.Ke3 Rc1 38.Nc2 b3 39.Nd4 Rg1 40.Nxb3 Rxg2 41.Rxg2 Nxg2+ 42.Kd4 Ne1 43.Nd2 Kf6
44.b4 Nc2+ 45.Kc5 Nxb4 46.Kxb4 Ke5 47.Kc3 Kf4 48.Kd3 f5 49.Nb3 Kxf3 50.Nd4+ Kg3
51.Nxf5+ Kxh3 52.Nd4 g4 53.Nxe6 g3 54.Ke3 Kg4 55.Nd4 h5 56.e5 Kg5 57.Ke4 h4
58.Nf3+ Kg4 59.e6 h3 60.e7 h2 61.e8=Q Kh3 62.Qh5+ Kg2 63.Nh4+  1-0

[Event "12th TCh-RUS Women"]
[Site "Olginka RUS"]
[Date "2011.04.21"]
[Round "5"]
[White "Turova,I"]
[Black "Yakupova,A"]
[Result "1-0"]
[WhiteElo "2428"]
[BlackElo "2115"]

1.d4 d5 2.c4 c6 3.e3 e6 4.Nc3 Nf6 5.Nf3 Nbd7 6.Qc2 Bd6 7.b3 Qe7 8.Be2 b6
9.O-O Bb7 10.Bb2 O-O 11.Rad1 Rad8 12.Rfe1 c5 13.cxd5 exd5 14.Bf1 Rfe8 15.g3 Rc8
16.Qb1 a6 17.dxc5 Bxc5 18.Qa1 Ba3 19.Bg2 Bxb2 20.Qxb2 b5 21.Ne2 Nc5 22.Nf4 Nce4
23.Nd4 g6 24.Bh3 Rc7 25.Rc1 b4 26.Rxc7 Qxc7 27.Rc1 Qb6 28.Nfe2 Ng5 29.Bg2 Rc8
30.Rxc8+ Bxc8 31.Nf4 Qd6 32.f3 Nd7 33.Nd3 Bb7 34.Kf2 h5 35.h4 Nh7 36.Bh3 Nhf6
37.Nf4 Ne5 38.Qc2 Kg7 39.Bf1 Ned7 40.Nd3 Kg8 41.Qd2 a5 42.Nf4 Nc5 43.Qc2 Nfd7
44.Nd3 Na6 45.Bh3 Nac5 46.Nxc5 Nxc5 47.Bf1 Bc8 48.Bb5 Bb7 49.Bf1 Bc8 50.Qd2 Bb7
51.Ne2 Ne6 52.Bh3 Nc5 53.Nf4 Kf8 54.Bf1 Kg8 55.Bc4 Ne6 56.Nxd5 Nc7 57.e4 Bxd5
58.exd5 Ne6 59.Qe3 Ng7 60.f4 Nf5 61.Qe8+ Kg7 62.Qe5+ Kf8 63.Qxd6+ Nxd6 64.Bd3 Ke7
65.Ke3 Nc8 66.Kd4 Kd6 67.f5 gxf5 68.Bxf5 Ne7 69.Be4 f5 70.Bf3  1-0